000 01464cam a2200337 i 4500
001 vtls003255879
003 MY-SjTCS
005 20200226121146.0
008 140529s2014 enka b 001 0 eng d
020 _a9780273787006 (paperback)
020 _a0273787004 (paperback)
039 9 _a201809071411
_bVLOAD
_c201406101009
_dshuhada
_c201406101007
_dshuhada
_y201405290937
_zmalathy
082 0 4 _a658.3
_bMON 2014
100 1 _aMondy, R. Wayne,
_d1940-
_eauthor.
_919008
245 1 0 _aHuman resource management /
_cR. Wayne Mondy, SPHR in collaboration with Judy Bandy Mondy ; editor in chief: Stephanie Wall.
250 _aThirteenth edition.
250 _aGlobal edition.
264 1 _aHarlow, Essex :
_bPearson Education Limited,
_c[2014]
264 4 _c©2014
300 _a428 pages :
_bcolor illustrations ;
_c28 cm
336 _atext
_2rdacontent
337 _aunmediated
_2rdamedia
338 _avolume
_2rdacarrier
500 _a"Authorised adaptation from the United States edition, entitled Human resource management, 13th edition, ISBN 978-0-13-304354-9 by R. Wayne Mondy, published by Pearson Education,©2014--Title page verso.
504 _aIncludes bibliographical references and indexes.
650 0 _aPersonnel management.
700 1 _aMondy, Judy Bandy,
_eauthor.
_919009
700 1 _aWall, Stephanie,
_eeditor.
_970768
700 1 _aMondy, R. Wayne,
_d1940-
_tHuman resource management.
_s13th edition.
_997366
920 _aUWE : 211338
999 _c177666